LEADER 00909nam0-22003131i-450- 001 990007866740403321 005 20040407113438.0 010 $a0-8014-3985-X 035 $a000786674 035 $aFED01000786674 035 $a(Aleph)000786674FED01 035 $a000786674 100 $a20040407d2003----km-y0itay50------ba 101 0 $aeng 102 $aUS 200 1 $aDigital dragon$ehigh-technology enterprises in China$fAdam Segal 210 $aIthaca and London$cCornell University Press$d2003 215 $aXII, 188 p.$d24 cm 225 1 $aCornell studies in political economy 300 $aSul front.: a Council on foreign relations book. 676 $a338.476 700 1$aSegal,$bAdam$0281932 801 0$aIT$bUNINA$gRICA$2UNIMARC 901 $aBK 912 $a990007866740403321 952 $aXIII A 291$b40838$fFSPBC 959 $aFSPBC 996 $aDigital dragon$9673321 997 $aUNINA LEADER 03365nam 2200877 a 450 001 9910788510203321 005 20230501220948.0 010 $a1-283-89627-3 010 $a0-8122-0218-X 024 7 $a10.9783/9780812202182 035 $a(CKB)3240000000068508 035 $a(OCoLC)794702316 035 $a(CaPaEBR)ebrary10641561 035 $a(SSID)ssj0000671206 035 $a(PQKBManifestationID)11450490 035 $a(PQKBTitleCode)TC0000671206 035 $a(PQKBWorkID)10624400 035 $a(PQKB)10219939 035 $a(SSID)ssj0000108044 035 $a(PQKBManifestationID)11117070 035 $a(PQKBTitleCode)TC0000108044 035 $a(PQKBWorkID)10017111 035 $a(PQKB)11277381 035 $a(MdBmJHUP)muse17939 035 $a(DE-B1597)449264 035 $a(OCoLC)979744329 035 $a(DE-B1597)9780812202182 035 $a(Au-PeEL)EBL3441726 035 $a(CaPaEBR)ebr10641561 035 $a(CaONFJC)MIL420877 035 $a(OCoLC)932312674 035 $a(MiAaPQ)EBC3441726 035 $a(EXLCZ)993240000000068508 100 $a19951012h19961996 uy 0 101 0 $aeng 135 $aurcn||||||||| 181 $ctxt$2rdacontent 182 $cc$2rdamedia 183 $acr$2rdacarrier 200 10$aAutonomy, sovereignty, and self-determination $ethe accommodation of conflicting rights /$fHurst Hannum 205 $aRevised edition. 210 1$aPhiladelphia :$cUniversity of Pennsylvania Press,$d1996. 210 4$aŠ1996 215 $a1 online resource (546 pages) 225 0 $aProcedural Aspects of International Law 300 $aBibliographic Level Mode of Issuance: Monograph 311 0 $a0-8122-1572-9 320 $aIncludes bibliographical references (p. [509]-514) and index. 327 $apt. I. The international legal context -- pt. II. Searching for solutions : nine case studies -- pt. III. Other examples of autonomous arrangements -- pt. IV. Conclusion. 330 $aDemands for "autonomy" or minority rights have given rise to conflicts, often violent, in every region of the world and under every political system. Through an analysis of contemporary international legal norms and an examination of several specific case studies?including Hong Kong, India, the transnational problems of the Kurds and Saamis, Nicaragua, Northern Ireland, Spain, Sri Lanka, and the Sudan?this book identifies a framework in which ethnic, religious, and regional conflicts can be addressed. 517 3 $aAutonomy, sovereignty, & self-determination 606 $aSelf-determination, National 606 $aSovereignty 606 $aAutonomy 606 $aSelf-determination, National$vCase studies 606 $aSovereignty$vCase studies 606 $aAutonomy$vCase studies 610 $aHuman Rights. 610 $aLaw. 610 $aPolitical Science. 610 $aPublic Policy. 615 0$aSelf-determination, National. 615 0$aSovereignty. 615 0$aAutonomy. 615 0$aSelf-determination, National 615 0$aSovereignty 615 0$aAutonomy 676 $a320.1/5 700 $aHannum$b Hurst$0229132 801 0$bMiAaPQ 801 1$bMiAaPQ 801 2$bMiAaPQ 906 $aBOOK 912 $a9910788510203321 996 $aAutonomy, sovereignty, and self-determination$93844863 997 $aUNINA